matty's history quiz - Statistics

General Stats
  • This quiz has been taken 31 times
    29 since last reset
  • The average score is 7 of 11
Answer Stats
Hint Answer % Correct
British World War II leader Winston Churchill
100%
French woman general who was burnt at the stake Joan of Arc
96%
Year in which the Berlin Wall was torn down 1989
88%
The 'Great chart' written by King John Magna Carta
88%
Country controlling the Philippines after World War II United States
77%
Capital of South Vietnam during Vietnam War Saigon
69%
City in which the Declaration of Independence was signed Philadelphia
65%
Year of the Rwandan Genocide 1994
50%
Country in which 18 American soldiers were killed in 1993 Somalia
38%
Group defeated by the British in the Boer War Afrikaans
15%
Capital of China during World War II Nanking
12%
No matching quizzes found
Score Distribution
Percent of People with Each Score
Percentile by Number Answered
Your Score History
You have not taken this quiz since the last reset